| 000 | 00799nam a2200229 i 4500 | ||
|---|---|---|---|
| 001 | 67024 | ||
| 003 | ES-MaACL | ||
| 005 | 20250801063026.0 | ||
| 007 | t| | ||
| 008 | 040430s1984 sp |||| | spa d | ||
| 080 | _a929 Casas, Bartolomé de las | ||
| 080 | _a266(8=60)"15" | ||
| 100 | 1 |
_aZavala, Silvio, _d1909-2014 _9118108 |
|
| 245 | 1 | 3 |
_aLa voluntad del gentil en la doctrina de Las Casas / _cpor Silvio Zavala. |
| 260 |
_aMéxico : _bEditorial de El Colegio Nacional, _c1984. |
||
| 300 |
_aP. 13-22 ; _c23 cm. |
||
| 500 | _aSeparata de: Memoria de El Colegio Nacional, t. X, n. 3, 1984. | ||
| 600 | 1 | 7 |
_aCasas, Bartolomé de las, _d1474-1566 _2embne _9140251 |
| 650 | 1 | 4 |
_aEvangelización- _zAmérica española. _9166787 |
| 852 |
_aES-MaACL _j2170-F-21 |
||
| 999 |
_c67024 _d67024 |
||